Miasta z koncówką -ów - Statystyki

Ogólne statystyki
  • Ten quiz został rozwiązany 148 razy
  • Średni wynik to 5 z 15
Statystyki odpowiedzi
Województwo Miasto % Poprawnych
małopolskie Kraków
89%
podkarpackie Rzeszów
62%
małopolskie Tarnów
50%
śląskie Chorzów
39%
dolnośląskie Głogów
36%
łódzkie Bełchatów
33%
podlaskie Augustów
26%
mazowieckie Pruszków
25%
mazowieckie Ciechanów
20%
opolskie Namysłów
19%
dolnośląskie Dzierżoniów
17%
lubuskie Sulechów
11%
dolnośląskie Chojnów
10%
zachodniopomorskie Dziwnów
9%
dolnośląskie Syców
5%
Nie znaleziono quizów pasujących do podanych kryteriów
Rozkład punktacji
Procent ludzi z każdym wynikiem
Percentyl według liczby udzielonych odpowiedzi
Twoja historia wyników
Nie rozwiązałeś tego quizu